Deapeaux aléatoires d'Europe - Statistiques

Statistiques générales
  • Ce quiz a été pris 516 fois
  • Le résultat moyen est 9 sur 10
Statistiques - réponses
Par images Réponse % Correct
France
100%
Grèce
100%
Italie
100%
Suisse
100%
Allemagne
97%
Norvège
97%
Portugal
97%
Royaume-Uni
97%
Suède
97%
Ukraine
97%
Belgique
95%
Chypre
94%
Espagne
94%
Danemark
93%
Russie
93%
Albanie
92%
Pologne
92%
Croatie
90%
Irlande
90%
Pays-Bas
90%
Roumanie
90%
Turquie
90%
Islande
89%
Estonie
88%
Finlande
84%
Macédoine du nord
84%
Vatican
82%
Bulgarie
79%
Luxembourg
79%
Hongrie
78%
Autriche
77%
Monaco
77%
Slovénie
76%
République Tchèque
74%
Serbie
73%
Slovaquie
73%
Kosovo
72%
Malte
72%
Bosnie & Herzégovine
71%
Géorgie
70%
Azerbaïdjan
69%
Liechtenstein
68%
Lituanie
68%
Moldavie
68%
Biélorussie
67%
Lettonie
67%
Kazakhstan
64%
Monténégro
64%
Andorre
61%
Saint-Marin
56%
Aucun quiz correspondant
Distribution des résultats
% des personnes avec chaque résultat
Percentile par nombre de réponses
Votre historique - résultats
Vous n’avez pas pris ce quiz